000 00433nam a2200145Ia 4500
003 OSt
005 20260119112907.0
008 211028s2013 xx 000 0 und d
040 _cAIMIT LIBRARY
041 _aeng
100 _aAbooshalikhasla, N K; Thomas, Babu.
_g1116102
_97043
245 _aStudy of the factors that influence the rejection of purchasing decision /
260 _aMangalore
_bBabu Thomas
_c2013
942 _2ddc
_cPRO
999 _c218613
_d218613